Maps/stages de Splatoon/2/3 - Statistiques

Statistiques générales
  • Ce quiz a été pris 99 fois
  • Le résultat moyen est 22 sur 42
Statistiques - réponses
Par images Réponse % Correct
Tours Girelle
80%
Skatepark Mako
78%
Centre Arowana
72%
Encrepôt
72%
Piste Méroule
70%
Hippo-Camping
68%
Pont Esturgeon
68%
Mine Marine
67%
Lotissement Filament
65%
Parc Carapince
64%
Manta Maria
62%
Passage Turbot
62%
Scène Sirène
61%
Serre Goémon
61%
Supermarché Cétacé
61%
Chantier Narval
59%
Allées Salées
54%
Docks Haddock
54%
Galeries Guppy
51%
Gymnase Ancrage
51%
Carrière Caviar
49%
Club Ca$halot
49%
Institut Calam'arts
49%
Hôtel Atoll
48%
Sources Sauret
48%
Réservoir Rigadelle
46%
Station douce-brise
46%
Arène Meca-ramen
43%
Banlieue Balibot
43%
Canalamar
42%
Galerie des abysses
42%
Ruines Uma'mi
42%
Stade Bernique
42%
Canyon aux Colonnes
41%
Marché Grefin
41%
Casse Rascasse
38%
Tentatec Studio
38%
Chaland Flétan
35%
Lagune aux gobies
35%
Terminal Rorqual
26%
Halles de Port-merlu
25%
Quartier Crabe-ciels
19%
Aucun quiz correspondant
Distribution des résultats
% des personnes avec chaque résultat
Percentile par nombre de réponses
Votre historique - résultats
Vous n’avez pas pris ce quiz